On This Day: February 13th II Quiz Stats

 Plays Quiz Updated Feb 19, 2018

Score 0/7 Timer 03:00
0 Plays Today
Question Answer Wrong Answers
An agreement is reached on a two-stage plan to reunite ______.
1990
Germany
91.3%
Jordan
2.5%
Saudi Arabia
2.6%
Montenegro
2.2%
This American general and pilot, the first pilot confirmed to have exceeded the speed of sound in level flight, is born.
1923
Chuck Yeager
81.1%
Gus Grissom
3.9%
John Glenn
9.3%
Bud Anderson
5.7%
With the success of a nuclear test code-named ‘Gerboise Bleue’, this country becomes the fourth to possess nuclear weapons.
1960
France
77.6%
India
13.2%
United Kingdom
5.6%
South Africa
2.8%
Black college students stage the first of the Nashville ______ at three lunch counters in Nashville, Tennessee.
1960
Sit-ins
76.6%
Eat-ins
19.4%
Peace-ins
2.1%
Bed-ins
0.8%
For the first time in more than 100 years, the Umatilla are able to hunt and harvest a bison just outside this US National Park, restoring a tradition guaranteed by a treaty signed in 1855.
2011
Yellowstone
70.9%
Yosemite
21.7%
Grand Canyon
3.6%
Arches
1.6%
Kim Jong-nam, the eldest son of this former North Korean leader, is assassinated at Kuala Lumpur International Airport under suspicious circumstances.
2017
Kim Jong-il
57.3%
Kim Jong-un
27.6%
Kim Il-sung
10.5%
Kim Jong-chul
2.2%
Civil War breaks out in this Asian country, when the nation’s Communist Party attempts to overthrow the monarchy and establish a People's Republic.
1996
Nepal
42.7%
Vietnam
22.2%
Mongolia
15.6%
Pakistan
17.7%

You're not logged in!

Compare scores with friends on all Sporcle quizzes.
OR
Log In

Sporcle TV

Today on Sporcle TV


Watch our educational content, quiz creation guides, and fun videos on Sporcle TV.

Show Comments

Extras

Top Quizzes Today


Score Distribution

Your Account Isn't Verified!

In order to create a playlist on Sporcle, you need to verify the email address you used during registration. Go to your Sporcle Settings to finish the process.

Report this User

Report this user for behavior that violates our Community Guidelines.

Details: